| 000 | 00471cam a2200193ua 4500 | ||
|---|---|---|---|
| 001 | 9469 | ||
| 008 | 150922n ii |||gr||||Z||||||asm | ||
| 040 | _cMAIN | ||
| 041 | _aasm | ||
| 082 | _a330.951462 | ||
| 100 |
_aDhar, Pranab Kumar, _eAuthor. |
||
| 245 | 1 |
_aAsomor arthanitir ruprekha _cby Pranab Kumar Dhar |
|
| 250 | _a2nd rev. ed. | ||
| 260 |
_aLudhiana: _bKalyani, _c1994. |
||
| 300 | _a231p. | ||
| 653 | _aEconomics | ||
| 653 | _aEconomy of Assam | ||
| 942 | _cBK | ||
| 999 |
_c8517 _d8517 |
||